Emerging biology in the early years : how young children learn about the living world
Zapisane w:
| 1. autor: | |
|---|---|
| Format: | Książka |
| Język: | angielski |
| Wydane: |
Routledge
2020
|
| Etykiety: |
Dodaj etykietę
Nie ma etykietki, Dołącz pierwszą etykiete!
|
MARC
| LEADER | 00000nam a22000007a 4500 | ||
|---|---|---|---|
| 008 | 231128b |||||||| |||| 00| 0 eng d | ||
| 020 | |a 9780815377115 | ||
| 100 | |a TUNNICLIFFE, Sue Dale | ||
| 245 | |a Emerging biology in the early years |b : how young children learn about the living world |c / Sue Dale Tunnicliffe |g ix, 148p | ||
| 260 | |b Routledge |c 2020 |h London |i 702253 |i 702254 |l LB1139.5.T83 |m Nature-Study and teaching (Early Childhood) |m Nature study- Activity programs | ||
| 500 | |a it includes references and index | ||
| 942 | |a lcc |c BK |e Johnson |f 28/11/23 | ||
| 952 | |0 0 |1 0 |2 lcc |4 0 |6 LB11395 T83 |7 0 |9 4649 |a ED |b HOL |c LP |d 2023-11-28 |l 0 |o LB1139.5.T83 |p 2023-0566 |r 2023-11-28 00:00:00 |t 702253 |w 2023-11-28 |y BK | ||
| 952 | |0 0 |1 0 |2 lcc |4 0 |6 LB11395 T83 |7 0 |9 4650 |a HOL |b HOL |c LP |d 2023-11-28 |l 0 |o LB1139.5.T83 |p 2023-0567 |r 2023-11-28 00:00:00 |t 702254 |w 2023-11-28 |y BK | ||
| 999 | |c 2330 |d 2330 | ||